| 000 | 00536cam a2200205ua 4500 | ||
|---|---|---|---|
| 020 | _cRs. 46.00 | ||
| 041 |
_aeng _h |
||
| 082 |
_a629.2 _bHEI/AU |
||
| 100 | _aHeitner, Joseph. | ||
| 245 |
_aAutomotive mechanics : principles and practices / _cJoseph Heitner. _hTextual Documents |
||
| 250 |
_a2 / _b. |
||
| 260 |
_aNew Delhi : _bAffliated east-west Pvt Ltd , _c1967. |
||
| 300 | _a608 ; . | ||
| 365 | _aRs. 46.00 | ||
| 504 | _a | ||
| 700 | 1 | _aJoseph, . | |
| 942 | _cBK | ||
| 999 |
_c237 _d237 |
||